| 000 | 00531nam a2200181Ia 4500 | ||
|---|---|---|---|
| 003 | GCL | ||
| 008 | 140319s9999 xx 000 0 ara d | ||
| 040 |
_aGCL / _cGCL |
||
| 082 | 0 | 4 |
_a870.9 _bا ا |
| 100 | 1 | _aاحمد عثمان | |
| 245 | 1 | 0 |
_aالادب اللاتينى ودوره الحضارى: العصر الفضى / _cاحمد عثمان |
| 260 |
_a[S.N] : _bايجيبتوس ، _c1990 |
||
| 300 | _a325 ص | ||
| 490 | _a | ||
| 650 | 0 | 4 | _aالادب اللاتينى |
| 650 | 0 | 4 | _aتاريخ ونقد |
| 942 |
_2ddc _cBK |
||
| 999 |
_c35341 _d35341 |
||